Understanding race, class, gender, and sexuality a conceptual framework
Includes bibliographical references (p. 190-203) and indexes.; Neal A. Newfield, Ph.D., LICSW (Giver)
Gorde:
| Egile nagusia: | |
|---|---|
| Formatua: | Liburua |
| Hizkuntza: | Undetermined |
| Argitaratua: |
Boston
McGraw-Hill
2001
|
| Gaiak: | |
| Sarrera elektronikoa: | http://lrc.tdmu.edu.vn/opac/search/detail.asp?aID=2&ID=31435 |
| Etiketak: |
Etiketa erantsi
Etiketarik gabe, Izan zaitez lehena erregistro honi etiketa jartzen!
|
| Thư viện lưu trữ: | Trung tâm Học liệu Trường Đại học Thủ Dầu Một |
|---|
| LEADER | 00842nam a2200217Ia 4500 | ||
|---|---|---|---|
| 001 | TDMU_31435 | ||
| 008 | 210410s9999 xx 000 0 und d | ||
| 082 | |a 378.1074 | ||
| 090 | |b W200 | ||
| 100 | |a Weber, Lynn | ||
| 245 | 0 | |a Understanding race, class, gender, and sexuality | |
| 245 | 2 | |b a conceptual framework | |
| 245 | 0 | |c Lynn Weber | |
| 260 | |a Boston | ||
| 260 | |b McGraw-Hill | ||
| 260 | |c 2001 | ||
| 300 | |a xvi, 224 p. | ||
| 520 | |a Includes bibliographical references (p. 190-203) and indexes.; Neal A. Newfield, Ph.D., LICSW (Giver) | ||
| 650 | |a Race discrimination; Sex discrimination; Social stratification.; Phân biệt chủng tộc ; Phân biệt giới tính | ||
| 856 | |u http://lrc.tdmu.edu.vn/opac/search/detail.asp?aID=2&ID=31435 | ||
| 980 | |a Trung tâm Học liệu Trường Đại học Thủ Dầu Một | ||